00308 a2200109 4500001001000000005001700010008004100027245002300068100002200091773006800113999001700181ART_1905720260410161920.0260409a 10aActualidad laboral1 aRubio, Valentín0 tLa informacióng- Tomo XXXVIII, Nº 587 (nov. 1978)wREV14902 c27661d27661